<?xml version="1.0" encoding="UTF-8"?>
<collection xmlns="http://www.loc.gov/MARC21/slim">
 <record>
  <leader>01106nam a22002777a 4500</leader>
  <controlfield tag="001">28262</controlfield>
  <controlfield tag="003">BD-DhAAL</controlfield>
  <controlfield tag="008">140901s2008    nyuae    b    001 0 eng d</controlfield>
  <datafield tag="999" ind1=" " ind2=" ">
   <subfield code="c">32905</subfield>
   <subfield code="d">32905</subfield>
  </datafield>
  <datafield tag="010" ind1=" " ind2=" ">
   <subfield code="a">28262</subfield>
  </datafield>
  <datafield tag="020" ind1=" " ind2=" ">
   <subfield code="a">9780500342381 (hbk.)</subfield>
  </datafield>
  <datafield tag="040" ind1=" " ind2=" ">
   <subfield code="a">JNA</subfield>
   <subfield code="c">JNA</subfield>
   <subfield code="d">DLC</subfield>
   <subfield code="d">BD-DhAAL</subfield>
  </datafield>
  <datafield tag="050" ind1="0" ind2="0">
   <subfield code="a">NA1511</subfield>
   <subfield code="b">.R63 2008</subfield>
  </datafield>
  <datafield tag="082" ind1="0" ind2="0">
   <subfield code="a">720.959090511</subfield>
   <subfield code="2">22</subfield>
  </datafield>
  <datafield tag="100" ind1="1" ind2=" ">
   <subfield code="a">Robson, David G.</subfield>
   <subfield code="9">5548</subfield>
  </datafield>
  <datafield tag="245" ind1="1" ind2="0">
   <subfield code="a">Beyond Bawa / </subfield>
   <subfield code="c">David Robson ; with photographys by Richard Powers.</subfield>
   <subfield code="b">modern masterworks of monsoon asia</subfield>
  </datafield>
  <datafield tag="260" ind1=" " ind2=" ">
   <subfield code="a">New York :</subfield>
   <subfield code="b">Thames &amp; Hudson,</subfield>
   <subfield code="c">2008.</subfield>
  </datafield>
  <datafield tag="300" ind1=" " ind2=" ">
   <subfield code="a">264 p. :</subfield>
   <subfield code="b">ill. (some col.), plans ;</subfield>
   <subfield code="c">29 cm.</subfield>
  </datafield>
  <datafield tag="504" ind1=" " ind2=" ">
   <subfield code="a">Includes bibliographical references (p. 260-262) and index.</subfield>
  </datafield>
  <datafield tag="526" ind1=" " ind2=" ">
   <subfield code="a">ARC</subfield>
  </datafield>
  <datafield tag="541" ind1=" " ind2=" ">
   <subfield code="e">28262</subfield>
  </datafield>
  <datafield tag="600" ind1="1" ind2="0">
   <subfield code="a">Bawa, Geoffrey,</subfield>
   <subfield code="d">1919-2003.</subfield>
   <subfield code="9">5549</subfield>
  </datafield>
  <datafield tag="650" ind1=" " ind2="0">
   <subfield code="a">Architecture</subfield>
   <subfield code="z">Southeast Asia</subfield>
   <subfield code="x">History</subfield>
   <subfield code="y">21st century.</subfield>
   <subfield code="9">5550</subfield>
  </datafield>
  <datafield tag="700" ind1="1" ind2=" ">
   <subfield code="a">Bawa, Geoffrey,</subfield>
   <subfield code="d">1919-2003.</subfield>
   <subfield code="9">5551</subfield>
  </datafield>
  <datafield tag="942" ind1=" " ind2=" ">
   <subfield code="2">ddc</subfield>
   <subfield code="c">BK</subfield>
   <subfield code="0">1</subfield>
  </datafield>
  <datafield tag="952" ind1=" " ind2=" ">
   <subfield code="0">0</subfield>
   <subfield code="1">0</subfield>
   <subfield code="2">ddc</subfield>
   <subfield code="4">0</subfield>
   <subfield code="6">720_959090511000000_ROB</subfield>
   <subfield code="7">0</subfield>
   <subfield code="9">43616</subfield>
   <subfield code="a">BRACUL</subfield>
   <subfield code="b">BRACUL</subfield>
   <subfield code="c">GEN</subfield>
   <subfield code="d">2014-09-01</subfield>
   <subfield code="e">Karim International</subfield>
   <subfield code="l">19</subfield>
   <subfield code="m">229</subfield>
   <subfield code="o">720.959090511 ROB</subfield>
   <subfield code="p">3010028262</subfield>
   <subfield code="r">2026-03-09</subfield>
   <subfield code="s">2026-03-03</subfield>
   <subfield code="t">1</subfield>
   <subfield code="w">2014-09-01</subfield>
   <subfield code="y">BK</subfield>
  </datafield>
 </record>
</collection>
